000 00517nam a2200193 a 4500
001 1773825712651
003 YourLibrary
005 20260318145348.0
008 260318s2001##################000#0#eng##
020 _a9780834219304
082 0 4 _a362.1068
_bPLO
100 1 _aPlocher, David W.,
_eauthor.
245 1 0 _aThe Case Manager's Training Manual :
260 _bJones & Bartlett Learning,
_c2001.
300 _a332 pages
650 0 _aMedical.
942 _cENGLISH
040 _aYourLibrary
_beng
_cYourLibrary
999 _c617911
_d617911